Les villes où Britney Spears à fait un concert - Statistiques

Statistiques générales
  • Ce quiz a été pris 90 fois
  • Le résultat moyen est 72 sur 230
Statistiques - réponses
Pays Nombre de concerts Villes % Correct
France 8 Paris
95%
États Unis 4 East Rutherford (New York)
90%
États Unis 2 Hershey (New York)
90%
États Unis 3 Newark (New York)
90%
États Unis 7 New York
90%
États Unis 5 Uniondale (New York)
90%
États Unis 4 Wantagh (New York)
90%
États Unis 1 Devore (Los Angeles)
84%
États Unis 2 Glendale (Los Angeles)
84%
États Unis 3 Hollywood (Los Angeles)
84%
États Unis 2 Inglewood (Los Angeles)
84%
États Unis 1 Irvine (Los Angeles)
84%
États Unis 10 Los Angeles
84%
États Unis 1 Universal City (Los Angeles)
84%
Canada 6 Montreal
78%
Japon 3 Tokyo
78%
Royaume Uni 23 Londres
77%
Australie 4 Sydney
77%
États Unis 261 Las Vegas
74%
Russie 2 Moscou
73%
États Unis 2 National Harbor (Washington)
73%
États Unis 5 Washington
73%
Allemagne 4 Berlin
71%
France 1 Lyon
71%
États Unis 1 Fort Lauderdale (Miami)
70%
Portugal 2 Lisbonne
70%
Canada 2 Ottawa
70%
Canada 3 Hamilton (Toronto)
68%
Espagne 1 Barcelone
67%
Mexique 4 Mexico
67%
Canada 8 Toronto
67%
Ukraine 1 Kiev
66%
États Unis 7 Miami
66%
États Unis 2 Pompano Beach (Miami)
66%
Bresil 2 Rio de Janeiro
66%
Corée du Sud 1 Seoul
66%
États Unis 1 West Palm Beach (Miami)
66%
États Unis 2 Chicago
63%
États Unis 8 Rosemont (Chicago)
63%
États Unis 1 Tinley Park (Chicago)
63%
Italie 2 Milan
60%
Norvège 3 Oslo
60%
Irlande 7 Dublin
59%
Canada 5 Vancouver
59%
Autriche 1 Vienne
59%
Croatie 1 Zagreb
59%
Argentine 1 La Plata (Buenos Aires)
58%
États Unis 1 Manchester
58%
Royaume Uni 7 Manchester
58%
Singapour 1 Singapour
58%
Pologne 1 Varsovie
58%
Perou 1 Lima
56%
Hongrie 2 Budapest
55%
Finlande 2 Helsinki
55%
Allemagne 2 Munich
55%
Suède 5 Stockholm
55%
Danemark 3 Copenhague
53%
Russie 2 Saint-Petersbourg
53%
Chili 1 Santiago
53%
Thailande 2 Bangkok
52%
Suisse 3 Zurich
52%
États Unis 7 Boston
51%
Bresil 1 Sao Paulo
51%
États Unis 1 Airlington (Dallas)
47%
États Unis 5 Dallas
47%
Australie 4 Melbourne
47%
États Unis 4 Phoenix
47%
États Unis 2 Seattle
47%
États Unis 2 The Woodlands (Houston)
47%
Colombie 1 Bogota
45%
Philippines 1 Manille
45%
Pays Bas 2 Rotterdam
45%
États Unis 8 Atlanta
44%
États Unis 4 Auburn Hills (Detroit)
44%
États Unis 1 Clarkston (Detroit)
44%
États Unis 5 Denver
44%
États Unis 4 Detroit
44%
Chine 1 Hong Kong
44%
États Unis 5 Houston
44%
Japon 1 Osaka
44%
États Unis 6 San Diego
42%
Israel 1 Tel Aviv
42%
Belgique 3 Anvers
40%
Taiwan 1 Taipei
38%
États Unis 1 Birmingham
37%
Royaume Uni 6 Birmingham
37%
Venezuela 1 Caracas
37%
États Unis 2 Kissimmee (Orlando)
37%
France 1 Montpellier
37%
États Unis 7 Orlando
37%
États Unis 2 Burggettstown
36%
Allemagne 2 Cologne
36%
Allemagne 1 Hambourg
34%
États Unis 3 Minneapolis
34%
Allemagne 2 Francfort
33%
États Unis 6 La Nouvelle Orleans
33%
Royaume Uni 3 Glasgow
32%
États Unis 1 Maryland Heights (Saint Louis)
32%
États Unis 4 Portland
32%
États Unis 2 Saint Louis
32%
États Unis 1 Bonner Springs (Kansas City)
30%
États Unis 2 Kansas City
30%
États Unis 4 Salt Lake City
30%
États Unis 1 Austin
29%
Canada 1 Calgary
29%
États Unis 1 Mountain View (San Jose)
29%
États Unis 1 Noblesville (Indianapolis)
29%
États Unis 2 San Antonio
29%
États Unis 3 San Jose
29%
Australie 3 Brisbane
27%
États Unis 3 Charlotte
27%
Allemagne 1 Dortmund
27%
États Unis 4 Indianapolis
27%
États Unis 2 Jacksonville
27%
Suède 1 Malmö
27%
États Unis 2 Memphis
27%
États Unis 1 Oklahoma City
27%
Australie 2 Perth
27%
Australie 1 Adelaïde
25%
Suède 1 Goteborg
25%
États Unis 3 Nashville
25%
États Unis 4 Sacramento
23%
Canada 2 Winnipeg
23%
Allemagne 1 Hanovre
22%
Mexique 1 Monterrey
22%
Royaume Uni 1 Newcastle upon Tyne
22%
États Unis 5 Tampa
22%
Allemagne 1 Breme
21%
Mexique 1 Guadalajara
21%
États Unis 1 Honolulu
21%
Allemagne 1 Leipzig
21%
Allemagne 1 Stuttgart
21%
États Unis 3 Cincinnati
19%
États Unis 5 Cleveland
19%
Canada 2 Edmonton
19%
États Unis 1 Louisville
19%
États Unis 2 Baltimore
18%
États Unis 4 Milwaukee
18%
Emirats Arabes Unis 1 Abou Dhabi
16%
Belgique 2 Gand
16%
États Unis 1 Albuquerque
15%
France 1 Amnéville
15%
États Unis 6 Columbus
15%
États Unis (Puerto Rico) 1 San Juan
15%
États Unis 1 Baton Rouge
14%
États Unis 1 St. Paul (Minneapolis)
14%
États Unis 2 Tulsa
14%
États Unis 2 Darien (Buffalo)
12%
États Unis 1 El Paso
12%
États Unis 1 Fresno
12%
États Unis 1 Richmond
12%
États Unis 1 Buffalo
11%
États Unis 1 Charleston
11%
États Unis 2 Des Moines
11%
Royaume Uni 1 Sheffield
11%
États Unis 1 Brighton
10%
Royaume Uni 1 Brighton
10%
États Unis 1 Mason (Cincinnati)
10%
États Unis 4 Oakland
10%
Canada 1 Saskatoon
10%
États Unis 3 Albany
8%
États Unis 7 Atlantic City
8%
Allemagne 1 Kiel
8%
États Unis 2 Omaha
8%
États Unis 1 Providence
8%
États Unis 2 Columbia
7%
États Unis 2 Greensboro
7%
États Unis 3 Hartford
7%
États Unis 3 Pittsburgh
7%
États Unis 3 Raleigh
7%
États Unis 3 Tacoma
7%
États Unis 1 Virginia Beach
7%
États Unis 1 York
7%
Pays Bas 1 Arnhem
5%
États Unis 2 Worcester
5%
États Unis 1 Greenville
4%
États Unis 1 Lubbock
4%
États Unis 1 Madison
4%
États Unis 1 Sioux Falls
4%
États Unis 1 Berkeley
3%
États Unis 1 George
3%
États Unis 2 Grand Rapids
3%
Danemark 1 Herning
3%
Allemagne 1 Oberhausen
3%
États Unis 1 Pensacola
3%
États Unis 3 Uncasville
3%
États Unis 1 Allentown
1%
Royaume Uni 1 Blackpool
1%
États Unis 2 Bossier City
1%
États Unis 1 Bristow
1%
États Unis 1 Camden
1%
États Unis 1 Chattanooga
1%
États Unis 1 Concord
1%
États Unis 1 Grand Forks
1%
États Unis 2 Holmdel
1%
États Unis 1 Kalamazoo
1%
États Unis 2 Moline
1%
Allemagne 1 Mönchengladbach
1%
États Unis 1 Roanoke
1%
République Dominicaine 1 Saint-Dominique
1%
États Unis 1 Saratoga Springs
1%
États Unis 2 Scranton
1%
États Unis 1 Trenton
1%
États Unis 1 Adrian
0%
États Unis 1 Allegan
0%
États Unis 1 Antioch
0%
États Unis 1 Bethel
0%
États Unis 1 Bethlehem
0%
États Unis 1 Biloxi
0%
États Unis 1 Daytona Beach
0%
États Unis 1 Doswell
0%
États Unis 1 Essex Junction
0%
États Unis 1 Eureka
0%
États Unis 1 Faire
0%
États Unis 1 Hillsboro
0%
États Unis 1 Hutchinson
0%
États Unis 1 Knockville
0%
États Unis 2 Mansfield
0%
États Unis 1 Marysville
0%
États Unis 1 Myrtle Beach
0%
États Unis 2 North Little Rock
0%
États Unis 1 Paso Robles
0%
Suède 1 Sandviken
0%
Royaume Uni 1 Scarborough
0%
États Unis 1 Schenectady
0%
Danemark 1 Skanderborg
0%
États Unis 2 Syracuse
0%
États Unis 1 University Park
0%
États Unis 2 Upper Darby
0%
États Unis 1 Wallingford
0%
Aucun quiz correspondant
Distribution des résultats
% des personnes avec chaque résultat
Percentile par nombre de réponses
Votre historique - résultats
Vous n’avez pas pris ce quiz